Proyecto ciudadanos : (Registro nro. 10458)

Detalles MARC
000 -LIDER
fixed length control field 00835nam a22002297a 4500
001 - NÚMERO DE CONTROL
Identificador de número de control 0000036265
003 - IDENTIFICACDOR DE NÚMERO DE CONTROL
control field DO-SdBNP
005 - DATE AND TIME OF LATEST TRANSACTION
control field 20180320111521.0
007 - CAMPOS FIJOS DE DESCRIPCIÓN FÍSICA
fixed length control field 0000036265
008 - ELEMENTOS DE LONGITUD FIJA
fixed length control field 160518b 2008 dr a xxu||||| |||| 00| 0 spa d
040 ## - FUENTE DE CATALOGACIÓN
Agencia que crea de manera original el registro BPMSU
Idioma de catalogación spa
Agencia que realiza la transcripción BPMSU
092 ## - LOCALLY ASSIGNED DEWEY DECIMAL CALL NUMBER
Número de clasificación xxxxx
Número de ítem (Cutter) xxxxx
245 0# - MENCIÓN DE TITULO
Título Proyecto ciudadanos :
Subtítulo guía pedagógica /
Mención de responsabilidad Nerys García Cuevas, Susana Doñé ; prólogo Mu-Kien Sang Adriana Sang
260 ## - PUBLICACIÓN, DISTRIBUCIÓN, ETC. (PIE DE IMPRENTA)
Lugar de publicación, distribución, etc Santo Domingo :
Nombre del editor, distribuidor, etc. Pontificia Universidad Católica Madre y Maestra,
-- Proyecto para el Apoyo a Iniciativas Democráticas,
Fecha de publicación, distribución, etc 2014
300 ## - DESCRIPCIÓN FÍSICA
Extensión 61p. :
Otros detalles físicos il. ;
Dimensiones 28 cm.
700 1# - ASIENTO SECUNDARIO -- NOMBRE PERSONAL
Nombre personal García Cuevas, Nerys
700 1# - ASIENTO SECUNDARIO -- NOMBRE PERSONAL
Nombre personal Doñé, Susana
700 12 - ASIENTO SECUNDARIO -- NOMBRE PERSONAL
Nombre personal Sang, Mu-Kien Sang Adriana,
Mención de responsabilidad pról.
942 ## - ADDED ENTRY ELEMENTS (KOHA)
Source of classification or shelving scheme Dewey Decimal Classification
Koha item type Libros
945 ## - INFORMACIÓN DE PROCESAMIENTO LOCAL
Información de procesamiento local inventariado, 2018 / dg
956 ## - LOCAL ELECTRONIC LOCATION AND ACCESS (OCLC)
Método de acceso LOPEREZ
Materiales especificados 10
Enlace 20160518
Campo enlazado y núm. de secuencia BPMSU
Nombre de host 00041
Existencias
Withdrawn status Lost status Source of classification or shelving scheme Damaged status Not for loan Collection code Home library Current library Date acquired Source of acquisition Total Checkouts Barcode Date last seen Price effective from Koha item type
    Dewey Decimal Classification     Colección Infantil Dominicana Biblioteca Pública Metropolitana Salomé Ureña Biblioteca Pública Metropolitana Salomé Ureña 03/20/2018 depósito   BPMSU18030070 03/20/2018 03/20/2018 Libros
    Dewey Decimal Classification     Colección Infantil Dominicana Biblioteca Pública Metropolitana Salomé Ureña Biblioteca Pública Metropolitana Salomé Ureña 03/20/2018 depósito   BPMSU18030071 03/20/2018 03/20/2018 Libros